Normal view
MARC view
Entry Personal Name
001 - CONTROL NUMBER
- control field: 160882
003 - CONTROL NUMBER IDENTIFIER
- control field: OSt
005 - DATE AND TIME OF LATEST TRANSACTION
- control field: 20220923211602.0
008 - FIXED-LENGTH DATA ELEMENTS
- fixed length control field: 220923|| aca||aabn | a|a d
040 ## - CATALOGING SOURCE
- Original cataloging agency: OSt
- Transcribing agency: OSt
100 ## - HEADING--PERSONAL NAME
- Personal name: ਓੁਪੱਲ, FFੀਕਾਂਤ, ਂਚ
670 ## - SOURCE DATA FOUND
- Source citation: Work cat.: (OSt)301074: ਓੁਪੱਲ, FFੀਕਾਂਤ, ਂਚ., ਨੀਲੀ ਲੁਕਵੀ੍ਵ ਲਾਟ, 2019
